[Event "Kemer Turkey Cup"]
[Site "Kemer"]
[Date "2014.02.08"]
[Round "9"]
[White "Demiroz, Alp"]
[Black "Patel, Yesim"]
[Result "0-1"]
[WhiteElo "1662"]
[BlackElo "1878"]
[PlyCount "74"]
[EventDate "2014.02.01"]
[EventType "swiss"]
[EventRounds "9"]
[EventCountry "TUR"]
[SourceTitle "EXT 2015"]
[Source "ChessBase"]
[SourceDate "2014.11.20"]
[SourceVersion "1"]
[SourceVersionDate "2014.11.20"]
[SourceQuality "1"]

1. c4 e5 2. Nc3 Nc6 3. g3 g6 4. Bg2 Bg7 5. Nf3 d6 6. 0-0 f5 7. d3 Nf6 8. Rb1 0-0 9. Bd2 Ne7 10. b4 a6 11. Qc1 Nh5 12. Bg5 Bf6 13. Bxf6 Nxf6 14. a4 Kg7 15. Nd2 g5 16. e3 Ng6 17. Nd5 Nxd5 18. Bxd5 f4 19. d4 Bh3 20. Bg2 Qd7 21. b5 axb5 22. axb5 Qg4 23. f3 Qe6 24. e4 Bxg2 25. Kxg2 fxg3 26. hxg3 h5 27. d5 Qf6 28. Qc3 h4 29. Qe3 hxg3 30. Kxg3 Rh8 31. Kf2 g4 32. Ke1 Qh4+ 33. Kd1 g3 34. Rg1 Nf4 35. Qe1 g2 36. Nf1 Qxe1+ 37. Kxe1 Rh1 0-1

[Event "Kemer Turkey Cup"]
[Site "Kemer"]
[Date "2014.02.01"]
[Round "1"]
[White "Ersahin, Bulent"]
[Black "Patel, Yesim"]
[Result "1-0"]
[WhiteElo "2185"]
[BlackElo "1878"]
[PlyCount "86"]
[EventDate "2014.02.01"]
[EventType "swiss"]
[EventRounds "9"]
[EventCountry "TUR"]
[SourceTitle "CBM 158 Extra"]
[Source "ChessBase"]
[SourceDate "2014.02.28"]
[SourceVersion "1"]
[SourceVersionDate "2014.02.28"]
[SourceQuality "1"]

1. Nf3 d5 2. d4 Nf6 3. g3 e6 4. Bg2 Be7 5. 0-0 0-0 6. c4 c6 7. Nc3 Nbd7 8. Qb3 b6 9. Rd1 Ba6 10. cxd5 cxd5 11. Bf4 Bc4 12. Qc2 Rc8 13. Rac1 a5 14. Ne5 Ba6 15. Qb3 Bb4 16. Bf3 Qe7 17. Bg5 h6 18. Nxd7 Qxd7 19. Bxf6 gxf6 20. e4 Bc4 21. Qc2 Bxc3 22. bxc3 dxe4 23. Qxe4 Bxa2 24. Qg4+ Kh7 25. Qf4 f5 26. Be2 Qc7 27. Qe3 Bd5 28. c4 Bb7 29. d5 Qc5 30. Qxc5 Rxc5 31. dxe6 Re5 32. Rd7 Rxe2 33. e7 Re8 34. Rxb7 Re6 35. c5 bxc5 36. Rxc5 R8xe7 37. Rxe7 Rxe7 38. Rxa5 Kg6 39. h4 Re6 40. Kg2 Rb6 41. Ra8 Rb2 42. Ra6+ Kg7 43. h5 Rb4 1-0

[Event "World School-ch U17 Girls 9th"]
[Site "Porto Carras"]
[Date "2013.05.10"]
[Round "5"]
[White "Patel, Yesim"]
[Black "Yakimenko, Viktoria"]
[Result "1-0"]
[WhiteElo "1876"]
[BlackElo "1923"]
[PlyCount "95"]
[EventDate "2013.05.07"]
[EventType "swiss"]
[EventRounds "9"]
[EventCountry "GRE"]
[SourceTitle "CBM 154 Extra"]
[Source "ChessBase"]
[SourceDate "2013.06.25"]
[SourceVersion "2"]
[SourceVersionDate "2013.06.25"]
[SourceQuality "1"]

1. e4 c5 2. Nf3 Nc6 3. d4 cxd4 4. Nxd4 Nf6 5. Nc3 d6 6. f3 e6 7. Bg5 Be7 8. Qd2 a6 9. h4 Qc7 10. 0-0-0 0-0 11. g4 b5 12. Nxc6 Qxc6 13. Ne2 Rd8 14. Ng3 Ra7 15. Nh5 Nxh5 16. Bxe7 Rxe7 17. gxh5 f6 18. h6 g6 19. h5 g5 20. Rg1 Qc5 21. Bh3 e5 22. Rxg5+ Kf8 23. Rg3 Bxh3 24. Rxh3 d5 25. Rg3 Rd6 26. Rg7 d4 27. Rxe7 Kxe7 28. Qd3 Qc4 29. Qxc4 bxc4 30. Rg1 Ke6 31. Rg7 Rd7 32. Kd2 Kd6 33. c3 a5 34. b3 a4 35. bxc4 dxc3+ 36. Kxc3 Kc6 37. Rxd7 Kxd7 38. Kb4 Kc6 39. Kxa4 Kc5 40. Kb3 Kb6 41. Kb4 Kb7 42. Kb5 Kc7 43. c5 Kb7 44. c6+ Kc7 45. a4 Kb8 46. Kb6 f5 47. exf5 e4 48. f6 1-0

[Event "TUR-ch"]
[Site "Antalya"]
[Date "2013.02.06"]
[Round "7"]
[White "Patel, Yesim"]
[Black "Yazici, Ugur Doga"]
[Result "1-0"]
[WhiteElo "1896"]
[BlackElo "1586"]
[PlyCount "99"]
[EventDate "2013.02.02"]
[EventType "swiss"]
[EventRounds "11"]
[EventCountry "TUR"]
[SourceTitle "CBM 152 Extra"]
[Source "ChessBase"]
[SourceDate "2013.02.25"]
[SourceVersion "1"]
[SourceVersionDate "2013.02.25"]
[SourceQuality "1"]

1. e4 e5 2. Nf3 Nc6 3. Bb5 a6 4. Ba4 Nf6 5. 0-0 Be7 6. Re1 b5 7. Bb3 d6 8. c3 0-0 9. h3 a5 10. d4 a4 11. Bc2 Bd7 12. Nbd2 exd4 13. cxd4 Nb4 14. Bb1 c5 15. a3 Na6 16. e5 dxe5 17. dxe5 Nd5 18. Ne4 Be6 19. Neg5 g6 20. Nxe6 fxe6 21. Bh6 Rf7 22. Be4 Nac7 23. Qc2 Kh8 24. g3 Rc8 25. h4 Qg8 26. Kg2 Bf8 27. Bxf8 Qxf8 28. Ng5 Rd7 29. Nf3 Rg7 30. Rh1 c4 31. Ng5 Qe8 32. Bf3 h6 33. Ne4 Qf8 34. Nd6 Rb8 35. Be4 Qg8 36. Qd2 h5 37. Qh6+ Qh7 38. Qg5 Rf8 39. Rae1 Rb8 40. Qd2 Qg8 41. Rh2 Rh7 42. Qg5 Rg7 43. Kh1 Qh7 44. Qd2 Qg8 45. g4 Rf8 46. gxh5 Nf4 47. hxg6 Nxg6 48. Qh6+ Qh7 49. Qxh7+ Kxh7 50. h5 1-0

[Event "TUR-ch"]
[Site "Antalya"]
[Date "2013.02.05"]
[Round "5"]
[White "Patel, Yesim"]
[Black "Ozates, Tuna"]
[Result "1/2-1/2"]
[WhiteElo "1896"]
[BlackElo "1673"]
[PlyCount "49"]
[EventDate "2013.02.02"]
[EventType "swiss"]
[EventRounds "11"]
[EventCountry "TUR"]
[SourceTitle "CBM 152 Extra"]
[Source "ChessBase"]
[SourceDate "2013.02.25"]
[SourceVersion "1"]
[SourceVersionDate "2013.02.25"]
[SourceQuality "1"]

1. e4 e5 2. Nf3 Nc6 3. Bb5 a6 4. Ba4 Nf6 5. 0-0 Nxe4 6. Re1 Nc5 7. Nc3 Nxa4 8. Nxe5 Nxe5 9. Rxe5+ Be7 10. Nd5 0-0 11. Nxe7+ Kh8 12. Nxc8 Rxc8 13. Qf3 d6 14. Re3 d5 15. b3 Nb6 16. Bb2 Qd7 17. Rae1 Rce8 18. Qe2 Rxe3 19. Qxe3 Kg8 20. Qe7 f6 21. Ba3 Rd8 22. Bc5 Qxe7 23. Rxe7 Nd7 24. Ba3 d4 25. Kf1 1/2-1/2

[Event "TUR-ch"]
[Site "Antalya"]
[Date "2013.02.02"]
[Round "1"]
[White "Patel, Yesim"]
[Black "Muti, Erol"]
[Result "1-0"]
[WhiteElo "1896"]
[BlackElo "1396"]
[PlyCount "85"]
[EventDate "2013.02.02"]
[EventType "swiss"]
[EventRounds "11"]
[EventCountry "TUR"]
[SourceTitle "CBM 152 Extra"]
[Source "ChessBase"]
[SourceDate "2013.02.25"]
[SourceVersion "1"]
[SourceVersionDate "2013.02.25"]
[SourceQuality "1"]

1. e4 c5 2. Nf3 d6 3. d4 cxd4 4. Qxd4 Nc6 5. Bb5 Bd7 6. Bxc6 bxc6 7. Nc3 Qb6 8. Qxb6 axb6 9. Be3 b5 10. a4 b4 11. Ne2 Nf6 12. e5 Ng4 13. Bf4 c5 14. b3 Bb5 15. exd6 exd6 16. Rd1 Bxe2 17. Kxe2 Rd8 18. Rhe1 f6 19. Kf1+ Kf7 20. h3 Nh6 21. Rd5 g5 22. Bh2 Be7 23. Nd2 f5 24. Nc4 Rhe8 25. Bxd6 Bf6 26. Rxe8 Kxe8 27. Rxc5 Bc3 28. g3 Nf7 29. Bc7 Rd1+ 30. Kg2 Rc1 31. Rxf5 Rxc2 32. Bb6 h6 33. a5 Nd8 34. Rd5 Nf7 35. a6 Ra2 36. a7 Ra6 37. Ra5 Rxa5 38. Nxa5 Ke7 39. a8Q Ne5 40. Nc6+ Nxc6 41. Qxc6 Bf6 42. Bd8+ Kxd8 43. Qxf6+ 1-0

[Event "Wch U16 Girls"]
[Site "Al Ain"]
[Date "2013.??.??"]
[Round "8"]
[White "Egorova, Ayyna"]
[Black "Patel, Yesim"]
[Result "1/2-1/2"]
[WhiteElo "2006"]
[BlackElo "1860"]
[PlyCount "44"]
[EventDate "2013.12.18"]
[EventType "swiss"]
[EventRounds "11"]
[EventCountry "UAE"]
[SourceTitle "CBM 158 Extra"]
[Source "ChessBase"]
[SourceDate "2014.02.28"]
[SourceVersion "1"]
[SourceVersionDate "2014.02.28"]
[SourceQuality "1"]

1. e4 c5 2. Nf3 Nc6 3. Bb5 g6 4. Bxc6 bxc6 5. 0-0 Bg7 6. Re1 Nf6 7. e5 Nd5 8. c4 Nc7 9. d4 cxd4 10. Qxd4 Ne6 11. Qh4 0-0 12. Nc3 f6 13. Ne4 fxe5 14. Neg5 Nxg5 15. Bxg5 Qc7 16. Bxe7 Rf4 17. Qg5 Rf5 18. Bd8 Qb8 19. Qd2 Ba6 20. Ba5 Bxc4 21. Qxd7 Bd5 22. Bc3 Qb6 1/2-1/2

[Event "Wch U16 Girls"]
[Site "Al Ain"]
[Date "2013.??.??"]
[Round "6"]
[White "Santeramo, Alessia Carmen"]
[Black "Patel, Yesim"]
[Result "0-1"]
[WhiteElo "1983"]
[BlackElo "1860"]
[PlyCount "33"]
[EventDate "2013.12.18"]
[EventType "swiss"]
[EventRounds "11"]
[EventCountry "UAE"]
[SourceTitle "CBM 158 Extra"]
[Source "ChessBase"]
[SourceDate "2014.02.28"]
[SourceVersion "1"]
[SourceVersionDate "2014.02.28"]
[SourceQuality "1"]

1. e4 c5 2. Nf3 Nc6 3. Bb5 g6 4. 0-0 Bg7 5. Re1 Nf6 6. c3 0-0 7. d4 d5 8. e5 Ne4 9. Nbd2 cxd4 10. cxd4 Qb6 11. Bxc6 Qxc6 12. Nxe4 dxe4 13. d5 Qc4 14. Ng5 Rd8 15. d6 exd6 16. Nxe4 Bxe5 17. Bg5 0-1

[Event "ALG-TUR (Women)"]
[Site "Algiers"]
[Date "2012.12.26"]
[Round "4.3"]
[White "Patel, Yesim"]
[Black "Hamlaoui, Asma"]
[Result "1/2-1/2"]
[WhiteElo "1877"]
[BlackElo "1601"]
[PlyCount "66"]
[EventDate "2012.12.23"]
[EventType "team-schev"]
[EventRounds "8"]
[EventCountry "ALG"]
[SourceTitle "CBM 152 Extra"]
[Source "ChessBase"]
[SourceDate "2013.02.25"]
[SourceVersion "1"]
[SourceVersionDate "2013.02.25"]
[SourceQuality "1"]
[WhiteTeam "Turkey"]
[BlackTeam "Algeria"]
[WhiteTeamCountry "TUR"]
[BlackTeamCountry "ALG"]

1. e4 e6 2. d4 d5 3. Nd2 Nf6 4. e5 Nfd7 5. Bd3 c5 6. c3 Nc6 7. Ne2 cxd4 8. cxd4 Qb6 9. Nf3 Bb4+ 10. Bd2 Bxd2+ 11. Qxd2 Qb4 12. Rc1 Qxd2+ 13. Kxd2 a6 14. Nf4 Nb6 15. b3 f6 16. exf6 gxf6 17. Rhe1 Ke7 18. Bf5 Nd8 19. Re2 Kd6 20. Bh3 Bd7 21. Rce1 Re8 22. Nh5 Rf8 23. a4 Rf7 24. a5 Nc8 25. Nf4 Re7 26. Re3 Na7 27. Nh4 Nac6 28. Kd3 Rc8 29. g3 Nb4+ 30. Kd2 Nbc6 31. Kd3 Nb4+ 32. Kd2 Nbc6 33. Kd3 Nb4+ 1/2-1/2

[Event "ALG-TUR (Women)"]
[Site "Algiers"]
[Date "2012.12.24"]
[Round "2.1"]
[White "Patel, Yesim"]
[Black "Abdi, Zineb Dina"]
[Result "1/2-1/2"]
[WhiteElo "1877"]
[BlackElo "1902"]
[PlyCount "91"]
[EventDate "2012.12.23"]
[EventType "team-schev"]
[EventRounds "8"]
[EventCountry "ALG"]
[SourceTitle "CBM 152 Extra"]
[Source "ChessBase"]
[SourceDate "2013.02.25"]
[SourceVersion "1"]
[SourceVersionDate "2013.02.25"]
[SourceQuality "1"]
[WhiteTeam "Turkey"]
[BlackTeam "Algeria"]
[WhiteTeamCountry "TUR"]
[BlackTeamCountry "ALG"]

1. e4 e5 2. Nf3 Nc6 3. Bb5 a6 4. Ba4 Nf6 5. 0-0 b5 6. Bb3 Be7 7. Re1 0-0 8. h3 d6 9. c3 Na5 10. Bc2 c5 11. d4 Qc7 12. d5 Bd7 13. b3 Rfe8 14. Bg5 Qd8 15. Be3 g6 16. Bh6 Nh5 17. Nbd2 Bf8 18. Bxf8 Rxf8 19. Nf1 Nf4 20. Kh2 Qc8 21. Ng1 f5 22. g3 Nh5 23. exf5 Bxf5 24. Ne3 Bxc2 25. Qxc2 Ra7 26. Kg2 Raf7 27. Re2 Qd8 28. h4 Nf4+ 29. gxf4 exf4 30. Ng4 f3+ 31. Nxf3 Rxf3 32. Rh1 R3f4 33. Re4 Qd7 34. Rxf4 Rxf4 35. f3 Kg7 36. Qd2 Qf7 37. Qe3 h5 38. Nf2 Nb7 39. Ne4 Rf5 40. Ng5 Qf6 41. Re1 Re5 42. Qd2 Nd8 43. Kg3 Nf7 44. Ne6+ Kg8 45. f4 Rxe1 46. Qxe1 1/2-1/2

[Event "Olympiad Women-40"]
[Site "Istanbul"]
[Date "2012.09.09"]
[Round "11.3"]
[White "Patel, Yesim"]
[Black "Hoang, Thi Nhu Y"]
[Result "0-1"]
[WhiteElo "1845"]
[BlackElo "2228"]
[PlyCount "118"]
[EventDate "2012.08.28"]
[EventType "team-swiss"]
[EventRounds "11"]
[EventCountry "TUR"]
[SourceTitle "CBM 150 Extra"]
[Source "ChessBase"]
[SourceDate "2012.10.19"]
[SourceVersion "1"]
[SourceVersionDate "2012.10.19"]
[SourceQuality "1"]
[WhiteTeam "Turkey 2016 (W)"]
[BlackTeam "Vietnam (W)"]
[WhiteTeamCountry "TUR"]
[BlackTeamCountry "VIE"]

1. e4 c6 2. d4 d5 3. Nc3 g6 4. h3 Bg7 5. Nf3 Nf6 6. e5 Nfd7 7. Bd3 e6 8. 0-0 c5 9. Re1 a6 10. dxc5 Nc6 11. Bf1 Nxc5 12. Bg5 Qc7 13. Bf6 0-0 14. Bxg7 Kxg7 15. Qd2 b5 16. Qf4 Qe7 17. Ne2 Ne4 18. Ned4 Bd7 19. Nxc6 Bxc6 20. Nd4 Rac8 21. a4 Be8 22. f3 Nc5 23. axb5 axb5 24. Bxb5 Bxb5 25. Nxb5 Rb8 26. Ra7 Rb7 27. Rea1 Rfb8 28. b3 Nxb3 29. Rxb7 Rxb7 30. cxb3 Rxb5 31. Qe3 Qc5 32. Qxc5 Rxc5 33. b4 Rb5 34. Rb1 g5 35. Kf2 h5 36. Ke3 h4 37. f4 Kg6 38. fxg5 Kxg5 39. Kd4 f5 40. Rb3 f4 41. Rb2 f3 42. gxf3 Kf4 43. Rb3 Kg3 44. f4+ Kxf4 45. Rb1 Kg3 46. Ke3 Rb8 47. b5 Kxh3 48. Kf4 Kg2 49. Rb2+ Kf1 50. Kg4 Ke1 51. Kxh4 d4 52. Kg5 d3 53. Kf6 Rb6 54. Ra2 d2 55. Ra6 Rxa6 56. bxa6 d1Q 57. Kxe6 Qa1 58. Kf6 Ke2 59. a7 Ke3 0-1

[Event "Olympiad Women-40"]
[Site "Istanbul"]
[Date "2012.09.06"]
[Round "9.3"]
[White "Jelica, Mara"]
[Black "Patel, Yesim"]
[Result "1/2-1/2"]
[WhiteElo "2258"]
[BlackElo "1845"]
[PlyCount "120"]
[EventDate "2012.08.28"]
[EventType "team-swiss"]
[EventRounds "11"]
[EventCountry "TUR"]
[SourceTitle "CBM 150 Extra"]
[Source "ChessBase"]
[SourceDate "2012.10.19"]
[SourceVersion "1"]
[SourceVersionDate "2012.10.19"]
[SourceQuality "1"]
[WhiteTeam "Croatia (W)"]
[BlackTeam "Turkey 2016 (W)"]
[WhiteTeamCountry "CRO"]
[BlackTeamCountry "TUR"]

1. e4 c5 2. Nc3 Nc6 3. f4 g6 4. Nf3 Bg7 5. Bb5 a6 6. Bxc6 bxc6 7. d3 d6 8. 0-0 Nh6 9. Qe1 f6 10. Kh1 Rb8 11. b3 0-0 12. Bd2 Nf7 13. Qg3 e5 14. fxe5 fxe5 15. Rf2 Be6 16. Raf1 Qe7 17. h3 Bd7 18. Ng5 Nxg5 19. Bxg5 Qe6 20. Qe3 Rxf2 21. Rxf2 Rf8 22. Kg1 Rxf2 23. Qxf2 h6 24. Be3 Qf7 25. Qd2 g5 26. Nd1 g4 27. hxg4 Bxg4 28. Nf2 h5 29. Bg5 Bf6 30. Qe3 Qg6 31. Bxf6 Qxf6 32. Qg3 Qg5 33. c3 Kf7 34. d4 cxd4 35. cxd4 Qc1+ 36. Kh2 Qf4 37. dxe5 dxe5 38. Nd3 Qxe4 39. Nxe5+ Ke6 40. Nc4 Qd4 41. Qc7 Qd5 42. Qc8+ Qd7 43. Qxd7+ Kxd7 44. Ne5+ Ke6 45. Nxc6 Kd6 46. Na5 Kc5 47. Kg3 Kb4 48. Nc4 Be2 49. Kf2 Bxc4 50. bxc4 Kxc4 51. Kg3 a5 52. Kh4 a4 53. Kxh5 a3 54. g4 Kc3 55. g5 Kb2 56. g6 Kxa2 57. g7 Kb1 58. g8Q a2 59. Qb3+ Ka1 60. Qd1+ Kb2 1/2-1/2

[Event "Olympiad Women-40"]
[Site "Istanbul"]
[Date "2012.08.28"]
[Round "1.3"]
[White "Ankhchimeg, Bayanmunkh"]
[Black "Patel, Yesim"]
[Result "1/2-1/2"]
[WhiteElo "2167"]
[BlackElo "1845"]
[PlyCount "96"]
[EventDate "2012.08.28"]
[EventType "team-swiss"]
[EventRounds "11"]
[EventCountry "TUR"]
[SourceTitle "CBM 150 Extra"]
[Source "ChessBase"]
[SourceDate "2012.10.19"]
[SourceVersion "1"]
[SourceVersionDate "2012.10.19"]
[SourceQuality "1"]
[WhiteTeam "Mongolia (W)"]
[BlackTeam "Turkey 2016 (W)"]
[WhiteTeamCountry "MGL"]
[BlackTeamCountry "TUR"]

1. d4 d5 2. Nf3 Nf6 3. Bg5 e6 4. e3 Nbd7 5. c4 c6 6. Nc3 Qa5 7. cxd5 exd5 8. Bd3 Ne4 9. Qb3 Nxg5 10. Nxg5 Nf6 11. 0-0 Be7 12. e4 h6 13. Nf3 dxe4 14. Nxe4 Nd5 15. Rfe1 0-0 16. Rac1 Qb6 17. Qxb6 axb6 18. Nc3 Nxc3 19. bxc3 Bf6 20. Bc4 Bf5 21. Ne5 h5 22. f4 g6 23. g3 Kg7 24. Kg2 Bd8 25. Bb3 b5 26. Re3 Bb6 27. Re2 Rae8 28. Rce1 Re7 29. Nf3 Rxe2+ 30. Rxe2 Rd8 31. h3 Ba5 32. Re3 Kf8 33. Ng5 Rd7 34. Kf3 Re7 35. Nh7+ Ke8 36. Nf6+ Kf8 37. g4 hxg4+ 38. hxg4 Bb1 39. c4 bxc4 40. Bxc4 Bd2 41. Rb3 Bxa2 42. Ra3 Bxc4 43. Ra8+ Kg7 44. g5 Re3+ 45. Kg2 Re2+ 46. Kh3 Re3+ 47. Kg2 Re2+ 48. Kg3 Re3+ 1/2-1/2

[Event "EU-ch (Women) 13th"]
[Site "Gaziantep"]
[Date "2012.03.03"]
[Round "2"]
[White "Paikidze, Nazi"]
[Black "Patel, Yesim"]
[Result "1-0"]
[WhiteElo "2406"]
[BlackElo "1839"]
[PlyCount "69"]
[EventDate "2012.03.02"]
[EventType "swiss"]
[EventRounds "11"]
[EventCountry "TUR"]
[SourceTitle "CBM 147 Extra"]
[Source "ChessBase"]
[SourceDate "2012.04.24"]
[SourceVersion "1"]
[SourceVersionDate "2012.04.24"]
[SourceQuality "1"]

1. d4 Nf6 2. c4 e6 3. Nc3 Bb4 4. f3 d5 5. a3 Bxc3+ 6. bxc3 c6 7. e3 0-0 8. Bd3 b6 9. cxd5 cxd5 10. Ne2 Ba6 11. 0-0 Bxd3 12. Qxd3 Nc6 13. e4 Qd7 14. a4 Rfc8 15. e5 Ne8 16. g4 Na5 17. Bg5 Rc4 18. f4 f6 19. exf6 Nxf6 20. Bxf6 gxf6 21. f5 e5 22. Kh1 e4 23. Qe3 Kf7 24. Qh6 Rh8 25. Nf4 Nb3 26. Nh5 Rf8 27. Qg7+ Ke8 28. Nxf6+ Rxf6 29. Qxf6 Qf7 30. Qe5+ Kd7 31. Ra2 Rxc3 32. Ra3 Rd3 33. Rxb3 Rxb3 34. Rc1 Kd8 35. Qb8+ 1-0